| 000 | 00949nam a22002537a 4500 | ||
|---|---|---|---|
| 003 | BD-DhSAU | ||
| 005 | 20210930161656.0 | ||
| 008 | 210929b |||||||| |||| 00| 0 eng d | ||
| 040 | _aBD-DhSAU | ||
| 082 |
_222 _a595.7 _bH7949 |
||
| 100 |
_aHOSSAIN, MD. EMAM _eRegistration No.:# 13-05718 |
||
| 245 |
_aEffectiveness of some botanicals in controlling major lepidopteran insect pests of summer cabbage / _bMs Thesis |
||
| 260 |
_aSher-e-bangla Agricultural University Dhaka 1207; _bDepartment of Entomology; _c2020.; |
||
| 300 |
_axi; _b91p.; _c30cm.; |
||
| 500 | _aIncluding Index.; | ||
| 590 | _anazmul | ||
| 600 | _qbotanicals | ||
| 610 | _alepidopteran insect pests | ||
| 650 | _2summer cabbage | ||
| 700 |
_aProf. Dr. Md. Mizanur Rahman _eSupervisor |
||
| 710 |
_aProf. Dr. Mst. Nur Mohal Akhter _eCo-Supervisor |
||
| 856 |
_yOnline Access _uhttp://archive.saulibrary.edu.bd:8080/xmlui/handle/123456789/3396 |
||
| 942 |
_2ddc _cTHESIS |
||
| 999 |
_c15411 _d15410 |
||